University mathematics : a textbook for students of science and engineering
Αποθηκεύτηκε σε:
| Κύριος συγγραφέας: | |
|---|---|
| Μορφή: | Βιβλίο |
| Γλώσσα: | English |
| Δημοσίευση: |
London :
Blackie,
[1954]
|
| Έκδοση: | 1rst ed., repr. |
| Θέματα: | |
| Ετικέτες: |
Προσθήκη ετικέτας
Δεν υπάρχουν, Καταχωρήστε ετικέτα πρώτοι!
|
MARC
| LEADER | 00000cam a2200000 i 4500 | ||
|---|---|---|---|
| 001 | 1/12413 | ||
| 008 | 110311s19541949 eng d | ||
| 035 | |l 10109777 | ||
| 040 | |a GR-MY-UA |b gre |e aacr | ||
| 041 | 0 | |a eng | |
| 082 | 0 | |a 510 |2 (22) | |
| 100 | 1 | |a Blakey, Joseph. | |
| 245 | 1 | 0 | |a University mathematics : |b a textbook for students of science and engineering / |c Joseph Blakey |
| 250 | |a 1rst ed., repr. | ||
| 260 | |a London : |b Blackie, |c [1954] | ||
| 300 | |a 257 σ.; |b διαγρ.; |c 23 εκ. | ||
| 650 | 0 | 0 | |a Mathematics |v Textbooks. |
| 852 | |a INST |b SAMOS |c MAG |e 20110311 |h 510 BLA |p 005300032937 |q 005300032937 |t BK |y 0 | ||
| 901 | |a BIBL3-2011-1 | ||
| 909 | |a Σ |b 166988 | ||
| 970 | |a ΓΟΥΒΑΛΑ |b ΒΑΣΩ |z 2011/03/11 | ||